Universal's concise commentary on the Indian contract act 1872 (9 of 1872) with exhaustive case law (Record no. 22619)

MARC details
000 -LEADER
fixed length control field 00528nam a2200181Ia 4500
008 - FIXED-LENGTH DATA ELEMENTS--GENERAL INFORMATION
fixed length control field 230917s9999||||xx |||||||||||||| ||und||
020 ## - ISBN
Price RS225
040 ## - CATALOGING SOURCE
-- 240224
Original cataloging agency VIVEKANANDA LIBRARY
041 ## - Language
-- English
082 ## - DDC NUMBER
Classification number 346.022 U3U
100 ## - MAIN ENTRY--PERSONAL NAME
Personal name X
245 #0 - TITLE STATEMENT
Title Universal's concise commentary on the Indian contract act 1872 (9 of 1872) with exhaustive case law
250 ## - EDITION STATEMENT
Edition statement 2nd ed.
260 ## - PUBLICATION, DISTRIBUTION, ETC. (IMPRINT)
Place of publication, distribution, etc Gurgaon
Name of publisher, distributor, etc Lexis Nexis
Date of publication, distribution, etc 2017
300 ## - PHYSICAL DESCRIPTION
Pages xiviii, 190 p.
500 ## - GENERAL NOTE
General note 2721 24/05/2017 HBD17/6987 14/06/2017 Main Budget
942 ## - ADDED ENTRY ELEMENTS (KOHA)
Koha item type Books
Holdings
Withdrawn status Lost status Damaged status Not for loan Location (home branch) Sublocation or collection (holding branch) Date acquired Koha issues (times borrowed) Koha full call number Accession No. Koha date last seen Koha item type
        VIVEKANANDA LIBRARY VIVEKANANDA LIBRARY 16/07/2017   346.022 U3U 375315 17/09/2023 Books
        VIVEKANANDA LIBRARY VIVEKANANDA LIBRARY 16/07/2017   346.022 U3U 375316 17/09/2023 Books
        VIVEKANANDA LIBRARY VIVEKANANDA LIBRARY 16/07/2017   346.022 U3U 375317 17/09/2023 Books
        VIVEKANANDA LIBRARY VIVEKANANDA LIBRARY 16/07/2017 1 346.022 U3U 375318 05/12/2023 Books
© Designed and Maintained by Vivekananda Library, MDU Rohtak